MARC

LEADER 00000nam0a2200000 4500
001 338274
005 20231102005030.0
035 |a (RuTPU)RU\TPU\book\364763 
090 |a 338274 
100 |a 20171122d1962 km y0rusy50 ca 
101 0 |a rus 
102 |a RU 
105 |a a z 001zy 
200 1 |a Инженерно-геологические свойства горных пород и методы их изучения  |f Академия наук СССР (АН СССР), Отделение геолого-географических наук ; под ред. Ф. В. Котлова 
210 |a Москва  |c Изд-во Академии наук СССР  |d 1962 
215 |a 363 с.  |c ил. 
320 |a Библиография в конце докладов 
606 1 |a Инженерная геология  |2 stltpush  |3 (RuTPU)RU\TPU\subj\12572  |9 39335 
610 1 |a горные породы 
610 1 |a инженерно-геологические исследования 
610 1 |a инженерно-геологические свойства 
610 1 |a грунты 
610 1 |a классификация 
610 1 |a деформация 
610 1 |a релаксация 
610 1 |a глинистые грунты 
610 1 |a замораживание 
610 1 |a литолого-петрографические особенности 
610 1 |a лессовые грунты 
610 1 |a строительные свойства 
610 1 |a водопроницаемость 
610 1 |a трещиноватость 
610 1 |a полевой анализ 
610 1 |a лабораторный анализ 
610 1 |a плотность 
610 1 |a сдвиг 
610 1 |a физико-механические свойства 
610 1 |a определение 
675 |a 624.131.1  |v 4 
702 1 |a Котлов  |b Ф. В.  |4 340 
712 0 2 |a Академия наук СССР (АН СССР)  |b Отделение геолого-географических наук  |c (Ленинград/Москва)  |c (1925-1991)  |2 stltpush  |3 (RuTPU)RU\TPU\col\722 
801 1 |a RU  |b 63413507  |c 20171122 
801 2 |a RU  |b 63413507  |c 20220505  |g RCR 
942 |c BK